Công lý bất biến : Minh oan các vụ án oan và giả cuối thế kỷ XX

Na minha lista:
Detalhes bibliográficos
Autor principal: Lưu, Bân
Formato: Livro
Idioma:Undetermined
Publicado em: Hà Nội Công an Nhân dân 2003
Assuntos:
Tags: Adicionar Tag
Sem tags, seja o primeiro a adicionar uma tag!
Thư viện lưu trữ: Trung tâm Học liệu Trường Đại học Cần Thơ
LEADER 00606nam a2200205Ia 4500
001 CTU_55501
008 210402s9999 xx 000 0 und d
020 |c 75000 
082 |a 895.13 
082 |b B121 
100 |a Lưu, Bân 
245 0 |a Công lý bất biến : 
245 0 |b Minh oan các vụ án oan và giả cuối thế kỷ XX 
245 0 |c Lưu Bân ; Mênh Mông dịch 
260 |a Hà Nội 
260 |b Công an Nhân dân 
260 |c 2003 
650 |a Chinese fiction 
904 |i Trong Hieu 
980 |a Trung tâm Học liệu Trường Đại học Cần Thơ